<?xml version="1.0" encoding="UTF-8"?><?xml-stylesheet type="text/xsl" href="static/style.xsl"?><OAI-PMH xmlns="http://www.openarchives.org/OAI/2.0/" xmlns:xsi="http://www.w3.org/2001/XMLSchema-instance" xsi:schemaLocation="http://www.openarchives.org/OAI/2.0/ http://www.openarchives.org/OAI/2.0/OAI-PMH.xsd"><responseDate>2026-04-17T20:57:13Z</responseDate><request verb="GetRecord" identifier="oai:riubu.ubu.es:10259/8830" metadataPrefix="marc">https://riubu.ubu.es/oai/request</request><GetRecord><record><header><identifier>oai:riubu.ubu.es:10259/8830</identifier><datestamp>2024-03-16T01:05:29Z</datestamp><setSpec>com_10259_4665</setSpec><setSpec>com_10259_5086</setSpec><setSpec>com_10259_2604</setSpec><setSpec>col_10259_4666</setSpec></header><metadata><record xmlns="http://www.loc.gov/MARC21/slim" xmlns:doc="http://www.lyncode.com/xoai" xmlns:xsi="http://www.w3.org/2001/XMLSchema-instance" xmlns:dcterms="http://purl.org/dc/terms/" xsi:schemaLocation="http://www.loc.gov/MARC21/slim http://www.loc.gov/standards/marcxml/schema/MARC21slim.xsd">
<leader>00925njm 22002777a 4500</leader>
<datafield tag="042" ind1=" " ind2=" ">
<subfield code="a">dc</subfield>
</datafield>
<datafield tag="720" ind1=" " ind2=" ">
<subfield code="a">San Martín Calvo, Marina</subfield>
<subfield code="e">author</subfield>
</datafield>
<datafield tag="260" ind1=" " ind2=" ">
<subfield code="c">2015-03</subfield>
</datafield>
<datafield tag="520" ind1=" " ind2=" ">
<subfield code="a">Tras la apertura del Mercado Único Europeo, en 1992, se hizo necesario articular un sistema que permitiera a los Estados miembros proteger la integridad de su patrimonio cultural, amenazado por la supresión de las fronteras interiores, sin desvirtuar el espíritu librecambista que impregna el Tratado de Maastrich y respetando, en todo caso, el principio de subsidiariedad que rige la normativa comunitaria.&#xd;
&#xd;
El presente artículo estudia los instrumentos legales adoptados por la Unión Europea dirigidos a impedir la exportación de bienes culturales hacia países extracomunitarios, facilitando la restitución de aquellos que hubieran abandonado ilícitamente el territorio de un Estado miembro.</subfield>
</datafield>
<datafield tag="520" ind1=" " ind2=" ">
<subfield code="a">After the opening of the European single market, in 1992, it became necessary to articulate a system allowing Member States to protect the integrity of their cultural heritage, threatened by the abolition of internal borders, without distorting the free-market spirit that permeates the Maastricht Treaty and, in any case, respecting the principle of subsidiarity which governs the EU rules.This article examines the legal instruments adopted by the European Union aimed at preventing the export of cultural goods to non-EU countries, facilitating the return of those who have unlawfully left the territory of a Member State.</subfield>
</datafield>
<datafield tag="024" ind2=" " ind1="8">
<subfield code="a">1579-0452</subfield>
</datafield>
<datafield tag="024" ind2=" " ind1="8">
<subfield code="a">http://hdl.handle.net/10259/8830</subfield>
</datafield>
<datafield ind1=" " ind2=" " tag="653">
<subfield code="a">Propiedad cultural</subfield>
</datafield>
<datafield ind1=" " ind2=" " tag="653">
<subfield code="a">Patrimonio cultural</subfield>
</datafield>
<datafield ind1=" " ind2=" " tag="653">
<subfield code="a">Protección de la propiedad cultural</subfield>
</datafield>
<datafield ind1=" " ind2=" " tag="653">
<subfield code="a">Restitución de la propiedad cultural</subfield>
</datafield>
<datafield ind1=" " ind2=" " tag="653">
<subfield code="a">Preservación de la propiedad cultural</subfield>
</datafield>
<datafield ind1=" " ind2=" " tag="653">
<subfield code="a">Tráfico de la propiedad cultural</subfield>
</datafield>
<datafield ind1=" " ind2=" " tag="653">
<subfield code="a">Tráfico ilícito de la propiedad cultural</subfield>
</datafield>
<datafield ind1=" " ind2=" " tag="653">
<subfield code="a">Política cultural</subfield>
</datafield>
<datafield ind1=" " ind2=" " tag="653">
<subfield code="a">Objetos culturales</subfield>
</datafield>
<datafield ind1=" " ind2=" " tag="653">
<subfield code="a">Restitución de objetos culturales</subfield>
</datafield>
<datafield ind1=" " ind2=" " tag="653">
<subfield code="a">Devolución de objetos culturales</subfield>
</datafield>
<datafield ind1=" " ind2=" " tag="653">
<subfield code="a">Cultural property</subfield>
</datafield>
<datafield ind1=" " ind2=" " tag="653">
<subfield code="a">Cultural heritage</subfield>
</datafield>
<datafield ind1=" " ind2=" " tag="653">
<subfield code="a">Protection of cultural property</subfield>
</datafield>
<datafield ind1=" " ind2=" " tag="653">
<subfield code="a">Cultural property restitution</subfield>
</datafield>
<datafield ind1=" " ind2=" " tag="653">
<subfield code="a">Cultural property preservation</subfield>
</datafield>
<datafield ind1=" " ind2=" " tag="653">
<subfield code="a">Cultural property traffic</subfield>
</datafield>
<datafield ind1=" " ind2=" " tag="653">
<subfield code="a">Illicit traficking of cultural property</subfield>
</datafield>
<datafield ind1=" " ind2=" " tag="653">
<subfield code="a">Cultural policy</subfield>
</datafield>
<datafield ind1=" " ind2=" " tag="653">
<subfield code="a">Cultural objects</subfield>
</datafield>
<datafield ind1=" " ind2=" " tag="653">
<subfield code="a">Restitution of cultural objets</subfield>
</datafield>
<datafield ind1=" " ind2=" " tag="653">
<subfield code="a">Return of cultural objects</subfield>
</datafield>
<datafield tag="245" ind1="0" ind2="0">
<subfield code="a">Las políticas de la Unión Europea relativas a la protección del patrimonio cultural de los Estados miembros</subfield>
</datafield>
</record></metadata></record></GetRecord></OAI-PMH>